000 00340nam a2200157Ia 4500
003 OSt
005 20240207100817.0
008 170524s9999 xx 000 0 und d
020 _aNA
040 _cIIMT UNIVERSITY
100 _aSINGH TEJINDER
100 _c2010
245 0 _aMARKETING MANAGEMENT
260 _aA B PUB
942 _2ddc
_c01
999 _c2640
_d2640